[Event "Saratov Region-ch Seniors"]
[Site "Saratov"]
[Date "2017.11.05"]
[Round "5"]
[White "Polyakov, Petr"]
[Black "Raisov, Idris"]
[Result "0-1"]
[WhiteElo "1674"]
[BlackElo "2005"]
[PlyCount "82"]
[EventDate "2017.11.01"]
[EventType "swiss"]
[EventRounds "9"]
[EventCountry "RUS"]
[SourceTitle "EXT 2019"]
[Source "ChessBase"]
[SourceDate "2018.10.10"]
[SourceVersion "1"]
[SourceVersionDate "2018.10.10"]
[SourceQuality "1"]

1. d4 Nf6 2. d5 d6 3. c4 e5 4. Nc3 Bf5 5. f3 h6 6. e4 Bh7 7. Bd3 Nbd7 8. Nge2 Nc5 9. Bc2 a5 10. Be3 Nfd7 11. 0-0 Be7 12. a3 0-0 13. Qd2 Bg5 14. f4 exf4 15. Nxf4 Qe7 16. Bxc5 Nxc5 17. Rae1 Qe5 18. g3 a4 19. Re2 Bf6 20. Rd1 Qg5 21. Nb5 Bxb2 22. Nxc7 Rac8 23. Nb5 Be5 24. Rf1 Nb3 25. Qb4 Nc5 26. Qd2 Nd7 27. Qd3 Bxf4 28. Rxf4 Ne5 29. Qd1 Nxc4 30. Bxa4 Qe5 31. Qb3 g5 32. Rf1 Bxe4 33. Rfe1 f5 34. g4 Qxd5 35. gxf5 Qc5+ 36. Rf2 Rxf5 37. Ree2 Rxf2 38. Rxf2 Rf8 39. Qg3 Nd2 40. Nc3 Rxf2 41. Nxe4 Qc1+ 0-1

[Event "Saratov Region-ch"]
[Site "Saratov"]
[Date "2016.12.18"]
[Round "4"]
[White "Raisov, Idris"]
[Black "Guliev, Roman"]
[Result "1/2-1/2"]
[WhiteElo "2031"]
[BlackElo "1624"]
[PlyCount "59"]
[EventDate "2016.12.15"]
[EventType "swiss"]
[EventRounds "9"]
[EventCountry "RUS"]
[SourceTitle "EXT 2018"]
[Source "ChessBase"]
[SourceDate "2017.10.13"]
[SourceVersion "1"]
[SourceVersionDate "2017.10.13"]
[SourceQuality "1"]

1. d4 d5 2. Nf3 Nf6 3. c4 e6 4. Nc3 Bb4 5. Bg5 h6 6. Bxf6 Qxf6 7. e3 0-0 8. Bd3 c5 9. 0-0 cxd4 10. exd4 dxc4 11. Bxc4 Nc6 12. a3 Bxc3 13. bxc3 b6 14. Re1 Bb7 15. Re3 Rac8 16. Bb5 Ne7 17. Ne5 Ng6 18. Nxg6 Qxg6 19. Rg3 Qf5 20. Qe2 Rc7 21. Bd3 Qf6 22. Rd1 Rfc8 23. Qd2 Kh8 24. Be2 Qe7 25. Qb2 Bd5 26. Ba6 Bb7 27. Be2 Bd5 28. Ba6 Bb7 29. Bf1 Bd5 30. Ba6 1/2-1/2

[Event "Saratov region-ch Seniors"]
[Site "Saratov"]
[Date "2016.11.06"]
[Round "5.3"]
[White "Zhuravlev, Alexander"]
[Black "Raisov, Idris"]
[Result "1/2-1/2"]
[WhiteElo "1562"]
[BlackElo "2042"]
[PlyCount "141"]
[EventDate "2016.11.04"]
[EventType "swiss"]
[EventRounds "7"]
[EventCountry "RUS"]
[SourceTitle "EXT 2022"]
[Source "ChessBase"]
[SourceDate "2021.10.06"]
[SourceVersion "1"]
[SourceVersionDate "2021.10.06"]
[SourceQuality "1"]

1. e4 c5 2. c4 Nc6 3. Nf3 g6 4. Nc3 Bg7 5. d3 d6 6. Be2 e6 7. 0-0 Nge7 8. a3 0-0 9. h3 a6 10. Nh2 Nd4 11. Ng4 Nec6 12. Bh6 f5 13. Bxg7 Kxg7 14. exf5 gxf5 15. Nh2 Nxe2+ 16. Nxe2 Qf6 17. Rb1 a5 18. Ng3 Kh8 19. Kh1 Rg8 20. Qh5 Bd7 21. Qd1 Nd4 22. Ne2 Bc6 23. f3 Rg6 24. Nxd4 Qxd4 25. Qe2 Rag8 26. Rf2 e5 27. b4 axb4 28. axb4 cxb4 29. Rxb4 Qh4 30. Rb1 Qf4 31. Re1 h6 32. Qe3 Qxe3 33. Rxe3 h5 34. c5 Re8 35. cxd6 Rxd6 36. Rfe2 Rde6 37. Rd2 Kg7 38. Kg1 Kf6 39. Kf2 Rd8 40. Re1 Red6 41. Ke2 e4 42. fxe4 fxe4 43. d4 Rxd4 44. Rxd4 Rxd4 45. g4 Ra4 46. Rf1+ Kg6 47. gxh5+ Kxh5 48. Rd1 Kh4 49. Ng4 Kxh3 50. Ne5 Ra2+ 51. Ke3 Ra3+ 52. Kf4 Ba4 53. Rd2 Ra1 54. Kxe4 Kg3 55. Kd4 Rc1 56. Rd3+ Kh4 57. Nf3+ Kg4 58. Ne5+ Kf5 59. Nc4 Bc6 60. Rc3 Rd1+ 61. Kc5 Rd5+ 62. Kb6 Rb5+ 63. Kc7 Rb4 64. Nd6+ Ke6 65. Rc5 Bh1 66. Rb5 Rd4 67. Nxb7 Rd7+ 68. Kb8 Rh7 69. Ka7 Bc6 70. Rb2 Kd5 71. Ka6 1/2-1/2

[Event "Saratov Regional-ch"]
[Site "Saratov"]
[Date "2015.12.07"]
[Round "3"]
[White "Raisov, Idris"]
[Black "Sanzhaev, Darsen"]
[Result "0-1"]
[WhiteElo "2037"]
[BlackElo "2359"]
[PlyCount "88"]
[EventDate "2015.12.05"]
[EventType "swiss"]
[EventRounds "9"]
[EventCountry "RUS"]
[SourceTitle "EXT 2017"]
[Source "ChessBase"]
[SourceDate "2016.10.25"]
[SourceVersion "1"]
[SourceVersionDate "2016.10.25"]
[SourceQuality "1"]

1. Nf3 d5 2. d4 Nf6 3. Bf4 c5 4. e3 Nc6 5. c4 cxd4 6. exd4 Bg4 7. Be2 dxc4 8. Nc3 e6 9. Qa4 Nd5 10. Bd2 Nb6 11. Qd1 Bxf3 12. Bxf3 Qxd4 13. Bxc6+ bxc6 14. 0-0 Rd8 15. Be3 Qxd1 16. Raxd1 Be7 17. Rxd8+ Kxd8 18. Rd1+ Kc8 19. Rc1 Rd8 20. Kf1 Bf6 21. Ke2 Bd4 22. Rc2 e5 23. Ne4 f5 24. Ng5 h6 25. Nf3 Rd5 26. Bc1 Kd7 27. h3 Ra5 28. a3 Rb5 29. Rd2 Rd5 30. Rc2 Ke6 31. g4 fxg4 32. hxg4 Rb5 33. Nh4 e4 34. Nf5 c5 35. f3 exf3+ 36. Kxf3 h5 37. Re2+ Kf6 38. Ng3 Rb3+ 39. Kg2 hxg4 40. Nh5+ Kf7 41. Nf4 Na4 42. Ne6 Bxb2 43. Ng5+ Kg6 44. Bf4 Bf6 0-1